000 01199naa a22002897a 4500
001 BR8705725
003 BR-BrBNA
005 20250721154522.0
007 ta
008 250630b bl.|||m| |||| 00| 0 por d
040 _aBR-BrBNA
_bpor
_cBiblioteca Nacional de Agricultura
041 _a(Pt)
072 _aP06
_b0334
_b0337
_bG514
090 _aP06 BR8705725
100 1 _aSilveira, E.P.
100 1 _aGastal, M.F. da C.
245 1 _aColza e girassol, oleaginosas energeticas opcionais para o sudeste do Rio Grande do Sul
500 _aEnergia alternativa para propriedade rural: fontes, utilizacao e perspectivas Brasilia, DF (Brasil): EMBRAPA. Depto. de Difusao de Tecnologia, 1986. p. 55-61 [Summaries (En, Pt); 6 ref.] (BR8705725-AMS)
773 0 _tEnergia alternativa para propriedade rural: fontes, utilizacao e perspectivas
_wP06 BR8705725
_gBrasilia, DF (Brasil), 1986. p. 55-61
650 _aCOLZA
650 _aGIRASSOL
650 _aCOMBUSTIVEL
650 _aRIO GRANDE DO SUL
490 _aDocumentos - Centro de Pesquisa Agropecuaria de Terras Baixas de Clima Temperado (Brazil)
_vno. 23
_xISSN 0101-9708
942 _cAMS
_2AGRIS
909 _a202506
_bLúcia
_c55
_dLúcia Elande
999 _c335311
_d335311